000 01066nam0a22002771 4500
001 rc\4566694
005 20250612121040.0
021 _aRU
_b[66-69202]
035 _a(NLR Aleph) 008649206
090 _a8991277
_c8991277
100 _a20130416d1966 |||y0rusy50 ca
101 0 _arus
102 _aRU
105 _aa z |||||
200 1 _a[Альбом репродукций
_fАвт. текста и сост. Н. Александрова]
210 _aМосква
_cСов. художник
_d[1966]
215 _a12 с., 23 л. ил.
_d30
606 _aРусская графика
_z19-20 вв.
_jАльбомы
_2psbo
700 1 _7ca
_8rus
_aМалявин
_bФ. А.
_f1869-1940
_gФилипп Андреевич
_9252197
_3RU\NLR\AUTH\770252253
702 1 _4220
_7ca
_8rus
_aАлександрова
_bН. И.
_cискусствовед
_f1927-2003
_gНаталия Ивановна
_9123182
_3RU\NLR\AUTH\7713493
801 0 _aRU
_bNLR
_gpsbo
801 1 _aRU
_bELAR
_2rusmarc
852 _aNLR
_jЭ АлИс590/2-М219
942 _cBOOK
980 _aNB